000 00546nam a22002297a 4500
003 UA-OsUOA
001 51728
007 ta
008 20080122b un ||||| |||| 00| 0 ukr d
100 _aKimmel T.
090 _a821.111
942 _cBK
040 _aUA-OsUOA
_beng
_cUA-OsUOA
_dUA-OsUOA
245 _aCrace based parenting
300 _a242 с.
955 _a3
041 _aeng
080 _a821.111
260 _aNew-Yourk
_c2004
650 7 _a82 Література. Літературознавство
_2UDC
999 _c337818
_d337818